|
|
|
|
| LEADER |
00652nta a2200193 i 4500 |
| 001 |
dipl143611 |
| 005 |
20250321101202.0 |
| 008 |
241207s2006 hu om 000 hun d |
| 040 |
|
|
|a SZTE Diploma Repozitórium
|b hun
|
| 041 |
|
|
|a hun
|
| 100 |
1 |
|
|a Boga András
|
| 245 |
1 |
0 |
|a Fejezetek Szabadegyháza történetéből
|h [elektronikus dokumentum] /
|c András Boga
|
| 260 |
|
|
|c 2006
|
| 650 |
|
4 |
|a Bölcsészettudományok
|
| 650 |
|
4 |
|a History and archaeology
|
| 650 |
|
4 |
|a History
|
| 650 |
|
4 |
|a Modern and contemporary history
|
| 700 |
0 |
1 |
|a Szabó Pál Csaba
|e ths
|
| 856 |
4 |
0 |
|u https://diploma.bibl.u-szeged.hu/id/eprint/143611/1/2006_boga_andras.pdf
|z Dokumentum-elérés
|